Technically Correct Stage Show Titles Quiz Stats

 Plays Quiz Updated Mar 28, 2016

Challenge
Share
Tweet
Embed
Score 0/25 Timer 03:00
5 Plays Today
Show Title (A) 'A' or 'B' % Correct
42nd Street???
95%
Hairspray???
91%
Legally Blond???
89.1%
12th Night???
88%
The Adams Family???
87.7%
Singin' in the Rain???
85.8%
Spamalot???
84.7%
Who's Afraid of Virginia Woolf????
84.2%
The Crucible.???
84.1%
Producers???
83%
Oklahoma!???
82.5%
Miss Saigon???
82.3%
A Chorus Line???
82.2%
Show Title (A) 'A' or 'B' % Correct
Hedwig... and the Angry Inch???
77.6%
Lés Misérables???
76.7%
Urinetown???
74%
Pippin'???
69%
Jekyll & Hyde???
68.6%
Hello Dolly!???
67.4%
Waiting for Godot...???
67.1%
Wicked???
60.7%
Mame???
59.4%
A Light in the Piazza???
38.6%
Oh! Calcutta!???
38.6%
How to Succeed in Business Without Really Trying???
33.3%

You're not logged in!

Compare scores with friends on all Sporcle quizzes.
OR
Log In

You Might Also Like...

Show Comments

Extras

Top Quizzes Today


Score Distribution

Your Account Isn't Verified!

In order to create a playlist on Sporcle, you need to verify the email address you used during registration. Go to your Sporcle Settings to finish the process.

Report this User

Report this user for behavior that violates our Community Guidelines.

Details: